Electrodynamics of metamaterials / (Record no. 22423)
[ view plain ]
| 000 -LEADER | |
|---|---|
| fixed length control field | 00962cam a22002895a 4500 |
| 001 - CONTROL NUMBER | |
| control field | 15481900 |
| 005 - DATE AND TIME OF LATEST TRANSACTION | |
| control field | 20160927131342.0 |
| 008 - FIXED-LENGTH DATA ELEMENTS--GENERAL INFORMATION | |
| fixed length control field | 081009r20082007si a frb 000 0 eng d |
| 020 ## - INTERNATIONAL STANDARD BOOK NUMBER | |
| International Standard Book Number | 9789810242459 |
| 020 ## - INTERNATIONAL STANDARD BOOK NUMBER | |
| International Standard Book Number | 981024245X |
| 040 ## - CATALOGING SOURCE | |
| Original cataloging agency | UKM |
| Transcribing agency | UKM |
| Modifying agency | TXA |
| -- | YDXCP |
| -- | BTCTA |
| -- | BAKER |
| -- | OCLCG |
| -- | DLC |
| -- | EG-ScBUE |
| Language of cataloging | eng |
| 082 04 - DEWEY DECIMAL CLASSIFICATION NUMBER | |
| Classification number | 620.118 |
| Edition number | 22 |
| Item number | SAR |
| 100 1# - MAIN ENTRY--PERSONAL NAME | |
| Personal name | Sarychev, Andrey K. |
| 9 (RLIN) | 41265 |
| 245 10 - TITLE STATEMENT | |
| Title | Electrodynamics of metamaterials / |
| Statement of responsibility, etc | Andrey K. Sarychev, Vladimir M. Shalaev. |
| 246 30 - VARYING FORM OF TITLE | |
| Title proper/short title | Metamaterials |
| 250 ## - EDITION STATEMENT | |
| Edition statement | Reprint ed. |
| 260 ## - PUBLICATION, DISTRIBUTION, ETC. (IMPRINT) | |
| Place of publication, distribution, etc | Singapore ; |
| -- | Hackensack ; |
| -- | London : |
| Name of publisher, distributor, etc | World Scientific, |
| Date of publication, distribution, etc | 2008. |
| 300 ## - PHYSICAL DESCRIPTION | |
| Extent | xii, 247 p. : |
| Other physical details | ill. ; |
| Dimensions | 24 cm. |
| 500 ## - GENERAL NOTE | |
| General note | Reprinted of 2007 ed. |
| 504 ## - BIBLIOGRAPHY, ETC. NOTE | |
| Bibliography, etc | Bibliography : p. 233-247. |
| 650 #7 - SUBJECT ADDED ENTRY--TOPICAL TERM | |
| Topical term or geographic name as entry element | Metamaterials. |
| Source of heading or term | BUEsh |
| 9 (RLIN) | 31680 |
| 650 #7 - SUBJECT ADDED ENTRY--TOPICAL TERM | |
| Topical term or geographic name as entry element | Electrodynamics. |
| Source of heading or term | BUEsh |
| 9 (RLIN) | 9061 |
| 653 ## - INDEX TERM--UNCONTROLLED | |
| Resource For college | Engineering, Electrical |
| Arrived date list | September2016 |
| 655 ## - INDEX TERM--GENRE/FORM | |
| Form subdivision | Reading book |
| -- | 34232 |
| 700 1# - ADDED ENTRY--PERSONAL NAME | |
| Personal name | Shalaev, Vladimir M., |
| Dates associated with a name | 1957- |
| 9 (RLIN) | 37130 |
| 942 ## - ADDED ENTRY ELEMENTS (KOHA) | |
| Source of classification or shelving scheme | Dewey Decimal Classification |
| Withdrawn status | Item status | Source of classification or shelving scheme | Damaged status | Not for loan | Vendor | Home library | Current library | Shelving location | Date acquired | Source of acquisition | Cost, normal purchase price | Total Checkouts | Full call number | Barcode | Date last seen | Koha item type |
|---|---|---|---|---|---|---|---|---|---|---|---|---|---|---|---|---|
| Dewey Decimal Classification | Baccah | Central Library | Central Library | First floor | 27/09/2016 | Purchase | 1050.00 | 620.118 SAR | 000033656 | 15/07/2025 | Book - Borrowing |